000 00299nam a2200121Ia 4500
008 190216s9999||||xx |||||||||||||| ||und||
100 _aRaisingh Ania. M.D
245 0 _aFluid Dynamics With Complete Hydro Dynamics
260 _bS Chand & Co
300 _a996
650 _aMathematics
942 _cBK
999 _c31906
_d31906